000 00317nam a22001457a 4500
003 OSt
005 20211230151822.0
008 211230b |||||||| |||| 00| 0 eng d
020 _a1558606777
040 _cHU
082 _a005.7565
100 _aMelton
_926405
245 _aAdvanced Sql1999
942 _2ddc
_cBOOKS
_n0
999 _c25322
_d25322